| 000 | 00591nam a2200217 a 4500 | ||
|---|---|---|---|
| 005 | 20210219153334.0 | ||
| 008 | 991125n 000 0 u | ||
| 035 | _aUPN01000092196 | ||
| 100 | _aDavenport, Ernest C. | ||
| 222 | _aEDUCATIONAL AND PSYCHOLOGICAL MEASUREMENT | ||
| 245 | _aPhi/Phimax : review and synthesis | ||
| 300 | _a821-828 | ||
| 362 | _a51, No. 4, 1991 | ||
| 505 | _aJunio 1992 | ||
| 653 | 0 | _aCORRELACION | |
| 653 | 0 | _aECUACIONES (MATEMATICAS) | |
| 653 | 0 | _aMODELOS MATEMATICOS | |
| 700 | _aEl-Sanhurry, Nader A. | ||
| 904 |
_aAC _b030007 |
||
| 905 | _aArticulo | ||
| 999 |
_c74319 _d74319 |
||